000 006110000a22001570004500
090 _aT V521r
100 1 _aVega Flores, Eduardo Alexis
245 1 0 _aUna respuesta bíblica frente a la nueva moralidad / Eduardo alexis Vega Floras
260 _aMedellín, Colombia
300 _aPag 82
500 _aTesis (licenciatura)--Seminario bíblico de Colombia
502 _aPresidente del jurado: Jorge Gutiérrez; Jurado: Donaldo Sendek; Jurado: Elizabeth de Sendek
520 _a- La nueva moralidad - Una perspectiva creacionista de la sexualidad - Aplicación a la Iglesia de hoy
001 5260
942 _cBK
999 _c35674
_d35674